000 00985cab a2200229 4500
001 ABS45459
008 090401t1991 xxu||||| |||| 00| 0 eng d
035 _a(Sirsi) u53103
041 _aeng
100 _aReeds, J.
245 _aSwatting the fly tippers
260 _c1991
350 _a0
490 _aSurveyor
_v170(5168) 7 November 1991, 11(1)
520 _aDiscusses the impact of the new waste carrier register to be compiled by Waste Regulation Authorities and coming into effect April 1992. Its aim is to eliminate illegal fly tipping. No national register is planned. However, the London Waste Regulation Authority (LWRA) has set up a national voluntary database called ` Co-ordinated Local Authorities Database of Waste Carriers (CLADEAC) to which WRAs are invited to subscribe.
650 _aCONTROL OF POLLUTION (AMENDMENT) ACT 1989
650 _aFLY TIPPING
650 _aWASTE REGULATION AUTHORITIES
690 _aLAND
942 _n0
948 _c04/03/1997
999 _c32759
_d32759